LIBRARY & INFORMATION CENTRE, KCAET, TAVANUR

ONLINE PUBLIC ACCESS CATALOGUE (OPAC)

Products from waste (Industrial and agrowaste) (Record no. 13178)

MARC details
000 -LEADER
fixed length control field 00876cam a2200145ua 4500
041 ## - LANGUAGE CODE
Language code of text/sound track or separate title eng
082 ## - DEWEY DECIMAL CLASSIFICATION NUMBER
Classification number 628.44
Item number NII/PR
245 ## - TITLE STATEMENT
Title Products from waste (Industrial and agrowaste)
260 ## - PUBLICATION, DISTRIBUTION, ETC. (IMPRINT)
Place of publication New Delhi :
Name of publisher National Institute of industrial Research ,
Year of publication 2008.
300 ## - PHYSICAL DESCRIPTION
Number of Pages 608 ; .
942 ## - ADDED ENTRY ELEMENTS (KOHA)
Koha item type Books
Holdings
Withdrawn status Lost status Damaged status Home library Current library Date acquired Full call number Accession Number Koha item type
      KAUAET KAUAET 07/04/2012 628.44 21844 Books
free website counter